000 00791nam a22002417a 4500
003 OSt
005 20240628105412.0
008 240628b |||||||| |||| 00| 0 eng d
020 _a031221190-2
040 _cMUST
082 _a330.94 IND 1998
100 _aedited Jeffrey, Henderson
_918302
245 _aIndustrial transformation in Eastern Europe in the light of the East Asian experience
260 _aNew york
_b: St. Martin's press inc
_c, 1998
300 _axii, 255p.
_b: ill
_c; 23 cm
504 _aincludes index
650 _aEurope, Eastern - economic policy
_918303
650 _aEurope, Eastern- Economic condition
_918304
650 _aChina- Economic conditions
_918305
700 _aKaroly, Balaton
_918306
700 _aGyorgy , Lengyel
_918307
942 _2ddc
_cO_SHELF
999 _c9007
_d9007